000 00927cam a22003137a 4500
003 CHAP
005 20220329135758.0
008 971013s1914 r 00010 d
010 _a41947
011 _a42919
035 _a47049
040 _cCHAP
090 _aFolleto 6139
100 0 0 _aEscobar, Numa Pompilio.
_937531
245 1 3 _aEl asadero
260 _aMéxico, D. F. :
_bEstación Agrícola Experimental de Ciudad Juárez, Chihuahua,
_c1914
300 _a24 p.
490 0 _aBoletín
_v; 48
590 _aBATCH-UPD
_b10
_c20130110
_lUCH01
_h1111
590 _aBATCH-UPD
_b10
_c20130410
_lUCH01
_h0703
590 _aBATCH-UPD
_b10
_c20130914
_lUCH01
_h0651
590 _aCONVERSION
_b10
_c20130109
_lUCH01
_h1323
650 1 4 _aQueso.
_993221
650 1 4 _aQueso
_xProcesado.
_993233
830 0 _aBoletín
_v; 48
_913507
901 _aBK
942 _cFOLL
949 _aFolleto 6139
_bBC
_cBPP
_d-107070
_eBPP
_i47049
_mD
_si
999 _c41947
_d41947